[Event "Voronezh op-A 23rd"]
[Site "Voronezh"]
[Date "2019.06.13"]
[Round "2"]
[White "Utegaliev, Azamat"]
[Black "Egorov, Pavel"]
[Result "1-0"]
[WhiteElo "2495"]
[BlackElo "2234"]
[PlyCount "97"]
[EventDate "2019.06.12"]
[EventType "swiss"]
[EventRounds "9"]
[EventCountry "RUS"]
[SourceTitle "EXT 2020"]
[Source "ChessBase"]
[SourceDate "2019.10.17"]
[SourceVersion "1"]
[SourceVersionDate "2019.10.17"]
[SourceQuality "1"]

1. c4 e5 2. g3 Nf6 3. Bg2 Nc6 4. Nc3 Bb4 5. e4 Bxc3 6. bxc3 0-0 7. Ne2 d6 8. d3 Ne7 9. 0-0 Nd7 10. f4 Nc6 11. f5 f6 12. g4 g5 13. fxg6 hxg6 14. h4 Nc5 15. d4 Na6 16. Ng3 Qd7 17. Bf3 Qh7 18. Kg2 Nd8 19. Be3 Ne6 20. Qd2 Qe7 21. Be2 Bd7 22. c5 dxc5 23. dxe5 fxe5 24. Qd5 Qd6 25. Qxb7 Nf4+ 26. Bxf4 exf4 27. Rad1 Qc6 28. Qxa6 fxg3 29. Rxf8+ Rxf8 30. Kxg3 Qxa6 31. Bxa6 Be6 32. Rb1 Bxa2 33. Rb7 Re8 34. Kf4 Re7 35. Rxa7 Bb1 36. Bc4+ Kg7 37. e5 Bc2 38. e6 Bd1 39. g5 Bc2 40. Ke5 Bd1 41. Ra5 Bg4 42. Rxc5 Bh3 43. Ra5 Bg4 44. Ra7 Bh3 45. Bd5 Bg4 46. c4 Bh3 47. c5 Bg4 48. c6 Bh3 49. Ra8 1-0

[Event "Korolev"]
[Site "Korolev"]
[Date "2019.05.29"]
[Round "7"]
[White "Egorov, Pavel"]
[Black "Volkov, Sergei"]
[Result "0-1"]
[WhiteElo "2234"]
[BlackElo "2269"]
[PlyCount "90"]
[EventDate "2019.05.25"]
[EventType "tourn"]
[EventRounds "9"]
[EventCountry "RUS"]
[EventCategory "1"]
[SourceTitle "CBM 190 Extra"]
[Source "ChessBase"]
[SourceDate "2019.07.15"]
[SourceVersion "1"]
[SourceVersionDate "2019.07.15"]
[SourceQuality "1"]

1. d4 Nf6 2. c4 e6 3. Nc3 Bb4 4. e3 Nc6 5. Bd3 d6 6. Bd2 e5 7. d5 Bxc3 8. Bxc3 Ne7 9. e4 0-0 10. h4 Nd7 11. h5 Nc5 12. Bc2 f5 13. f3 a5 14. Nh3 h6 15. Nf2 fxe4 16. fxe4 Kh8 17. Qe2 Ng8 18. Bd2 Nf6 19. 0-0-0 Nh7 20. Nh3 Bxh3 21. Rxh3 b6 22. Rf3 Qh4 23. Rdf1 Rxf3 24. Rxf3 Rf8 25. Rxf8+ Nxf8 26. b4 axb4 27. Bxb4 Nfd7 28. Bxc5 Nxc5 29. Kb2 Qf4 30. Qe1 Kg8 31. Qc3 Qg4 32. Qa3 Qxh5 33. Qa8+ Kh7 34. Qc8 Qf7 35. Bd1 h5 36. Qh3 g6 37. g4 Qf2+ 38. Bc2 Kh6 39. gxh5 gxh5 40. Qc8 Qd2 41. Qf8+ Kg6 42. Ka3 Qc3+ 43. Bb3 Qa5+ 44. Kb2 Qd2+ 45. Ka3 Nd3 0-1

[Event "Korolev"]
[Site "Korolev"]
[Date "2019.05.29"]
[Round "8"]
[White "Yastrebov, Aleksandr"]
[Black "Egorov, Pavel"]
[Result "0-1"]
[WhiteElo "2219"]
[BlackElo "2234"]
[PlyCount "31"]
[EventDate "2019.05.25"]
[EventType "tourn"]
[EventRounds "9"]
[EventCountry "RUS"]
[EventCategory "1"]
[SourceTitle "CBM 190 Extra"]
[Source "ChessBase"]
[SourceDate "2019.07.15"]
[SourceVersion "1"]
[SourceVersionDate "2019.07.15"]
[SourceQuality "1"]

1. e4 c5 2. Nf3 Nf6 3. Nc3 d5 4. Bb5+ Bd7 5. Bxd7+ Qxd7 6. exd5 Nxd5 7. Nxd5 Qxd5 8. d3 Nc6 9. 0-0 0-0-0 10. Be3 e5 11. Nd2 f5 12. f4 Bd6 13. Qf3 Qxf3 14. Rxf3 exf4 15. Bxf4 Nd4 16. Rf2 0-1

[Event "Titled Tuesday intern op 7th Aug"]
[Site "Chess.com INT"]
[Date "2018.08.07"]
[Round "1"]
[White "Egorov, Pavel"]
[Black "Georgiadis, Nico"]
[Result "0-1"]
[WhiteElo "2246"]
[BlackElo "2526"]
[PlyCount "138"]
[EventDate "2018.08.07"]
[EventType "swiss (blitz)"]
[EventRounds "10"]
[EventCountry "USA"]
[SourceTitle "EXT 2021"]
[Source "ChessBase"]
[SourceDate "2020.10.23"]
[SourceVersion "1"]
[SourceVersionDate "2020.10.23"]
[SourceQuality "1"]

1. d4 Nf6 2. c4 e6 3. Nc3 Bb4 4. e3 0-0 5. Nf3 d5 6. Bd3 b6 7. 0-0 Bb7 8. cxd5 exd5 9. a3 Bd6 10. b4 Nbd7 11. Qb3 a6 12. a4 Qe7 13. b5 axb5 14. Nxb5 c5 15. Nxd6 Qxd6 16. Bb5 Rfc8 17. Ba3 Ba6 18. Rfd1 Bxb5 19. axb5 h6 20. h3 Qe6 21. dxc5 bxc5 22. Rab1 Nb6 23. Bb2 Ne4 24. Nd2 c4 25. Qc2 c3 26. Nxe4 cxb2 27. Nc5 Qe7 28. Qxb2 Qxc5 29. Rdc1 Nc4 30. Qd4 Qxd4 31. exd4 Rab8 32. b6 Rxb6 33. Rxb6 Nxb6 34. Rb1 Nc4 35. Rb5 Rd8 36. Kf1 g5 37. Ke2 Kg7 38. g3 Kg6 39. f4 gxf4 40. gxf4 Kf5 41. Kf3 Nd2+ 42. Ke2 Ne4 43. Kf3 Nf6 44. Rb7 Kg6 45. Re7 Rc8 46. Re5 Rc3+ 47. Kg2 Rd3 48. f5+ Kg5 49. Re7 Kxf5 50. Rxf7 Rxd4 51. Rf8 h5 52. h4 Rxh4 53. Kg3 Rg4+ 54. Kf3 d4 55. Rf7 Rf4+ 56. Kg3 Re4 57. Kf3 Re3+ 58. Kf2 Ra3 59. Rf8 Ke5 60. Rd8 Ne4+ 61. Ke2 d3+ 62. Rxd3 Rxd3 63. Kxd3 Kf4 64. Ke2 Kg3 65. Kf1 h4 66. Kg1 h3 67. Kh1 Nf2+ 68. Kg1 h2+ 69. Kf1 h1Q+ 0-1

[Event "Titled Tuesday intern op 7th Aug"]
[Site "Chess.com INT"]
[Date "2018.08.07"]
[Round "9"]
[White "Janaszak, Dawid"]
[Black "Egorov, Pavel"]
[Result "0-1"]
[WhiteElo "2362"]
[BlackElo "2246"]
[PlyCount "122"]
[EventDate "2018.08.07"]
[EventType "swiss (blitz)"]
[EventRounds "10"]
[EventCountry "USA"]
[SourceTitle "EXT 2021"]
[Source "ChessBase"]
[SourceDate "2020.10.23"]
[SourceVersion "1"]
[SourceVersionDate "2020.10.23"]
[SourceQuality "1"]

1. c4 Nf6 2. g3 g6 3. Bg2 Bg7 4. e4 d6 5. Ne2 0-0 6. Nbc3 e5 7. 0-0 Nc6 8. Rb1 a5 9. a3 Nd4 10. b4 axb4 11. axb4 Be6 12. d3 Qd7 13. Nxd4 exd4 14. Nb5 Bh3 15. Nxd4 Bxg2 16. Kxg2 c6 17. h3 d5 18. cxd5 Nxd5 19. exd5 Bxd4 20. dxc6 Qxc6+ 21. Qf3 Rfd8 22. Bg5 Qxf3+ 23. Kxf3 f6 24. Bf4 Be5 25. Rfd1 Bxf4 26. Kxf4 Ra4 27. d4 Rc8 28. Ke4 Kf7 29. b5 Ke6 30. Rdc1 f5+ 31. Ke3 Ra3+ 32. Kf4 Rd8 33. Re1+ Kf6 34. Rbd1 Ra4 35. Ke3 Rb4 36. Rb1 Rdxd4 37. f3 Rxb1 38. Rxb1 Rc4 39. Kd3 Ra4 40. b6 Ke5 41. Rb5+ Kd6 42. Ke3 Kc6 43. Rb1 g5 44. f4 gxf4+ 45. gxf4 Ra3+ 46. Kd4 Rxh3 47. Ke5 Rh5 48. Kf6 Kc5 49. Rb2 Kc6 50. Ke6 Kc5 51. Kd7 Rh4 52. Kc8 Kc6 53. Rb4 h5 54. Kd8 Rg4 55. Ke7 h4 56. Ke6 h3 57. Rb1 Rxf4 58. Ke5 Rf2 59. Kf6 h2 60. Kg5 Rg2+ 61. Kxf5 Rg1 0-1